| 000 | 00552pab a2200181 454500 | ||
|---|---|---|---|
| 008 | 180718b2004 xxu||||| |||| 00| 0 eng d | ||
| 100 | _aRanjan, Alok | ||
| 245 | _aMadhya Pradesh target couple survey, 1996 - fertility, child mortality and family planning | ||
| 260 | _c2004 | ||
| 300 | _ap.9-21. | ||
| 362 | _aDec | ||
| 650 | _aChild mortality - India - Madhya Pradesh | ||
| 650 | _aFertility - India | ||
| 650 | _aFamily planning - India - Madhya Pradesh | ||
| 650 | _aFamily planning | ||
| 773 | _aJournal of Family Welfare | ||
| 909 | _a63987 | ||
| 999 |
_c63987 _d63987 |
||